Missing Vowels - Literature Quiz Stats

Quiz Updated Dec 15, 2014

Challenge
Share
Tweet
Embed
Score 0/45 Timer 12:00
3 Plays Today
% Correct
John Steinbeck
92.5%
Hermione Granger
91.2%
A Christmas Carol
91%
The Godfather
90%
Oliver Twist
90%
Great Expectations
89.9%
Gone With the Wind
89.9%
William Golding
89.2%
The Cheshire Cat
88%
Lewis Carroll
87.3%
All Quiet on the Western Front
85.9%
Neville Longbottom
85.4%
The English Patient
83.3%
Murder on the Orient Express
81.9%
The March Hare
80.6%
The Knave of Hearts
79.5%
Gandalf the White
77.3%
The Pickwick Papers
75.1%
Luna Lovegood
72.6%
The Tell-Tale Heart
72.1%
Toni Morrison
71.3%
Death on the Nile
67.8%
Bleak House
66.4%
% Correct
Alice
65.6%
George Orwell
64.8%
Gabriel García Márquez
64.8%
Richard Bachman
63.8%
The Pit and the Pendulum
63.5%
Jean-Paul Sartre
63%
Boromir
62.9%
Gimli
61%
No Country for Old Men
61%
Samwise Gamgee
59.1%
Aragorn
55.8%
Evil Under the Sun
50.7%
The Fall of the House of Usher
50%
Towards Zero
49%
The Murders in the Rue Morgue
44.1%
The Cask of Amontillado
40.2%
George Eliot
33.8%
Alicia Spinnet
32.6%
Susan Bones
30.4%
Mary Westmacott
19.6%
N or M?
13.6%
The Eaglet
11.5%

You're not logged in!

Compare scores with friends on all Sporcle quizzes.
Join for Free
OR
Log In

You Might Also Like...

Show Comments

Extras

Top Quizzes Today


Score Distribution

Your Account Isn't Verified!

In order to create a playlist on Sporcle, you need to verify the email address you used during registration. Go to your Sporcle Settings to finish the process.

Report this User

Report this user for behavior that violates our Community Guidelines.

Details: